Challenges and achievements in E-business and E-work (Record no. 208738)
[ view plain ]
| 000 -LEADER | |
|---|---|
| fixed length control field | 01826nam a2200433Ia 4500 |
| 245 00 - TITLE STATEMENT | |
| Title | Challenges and achievements in E-business and E-work |
| 260 ## - PUBLICATION, DISTRIBUTION, ETC. (IMPRINT) | |
| Place of publication | Amsterdam ; |
| -- | Washington, DC : |
| Name of publisher | IOS Press ; |
| Place of publication | Tokyo : |
| Name of publisher | Ohmsha, |
| Year of publication | c2002. |
| 300 ## - PHYSICAL DESCRIPTION | |
| Number of Pages | xv, 1636 p. : |
| Other physical details | ill. |
| 650 #0 - SUBJECT ADDED ENTRY--TOPICAL TERM | |
| Topical Term | Electronic commerce. |
| Topical Term | Business enterprises |
| Topical Term | Information technology. |
| Topical Term | Telecommunication. |
| Topical Term | Internet. |
| Topical Term | Telecommuting. |
| Topical Term | Electronic commerce |
| Topical Term | Business enterprises |
| Topical Term | Information technology |
| Topical Term | Telecommunication |
| Topical Term | Internet |
| Topical Term | Telecommuting |
| 700 1# - ADDED ENTRY--PERSONAL NAME | |
| Personal name | Stanford-Smith, Brian. |
| Personal name | Chiozza, Enrica. |
| Personal name | Edin, Mireille. |
| 856 40 - ELECTRONIC LOCATION AND ACCESS | |
| Uniform Resource Identifier | http://site.ebrary.com/lib/rucke/Doc?id=10116470 |
No items available.
